[Event "ch-RUS"]
[Site "Krasnodar RUS"]
[Date "2002.09.02"]
[Round "7"]
[White "Vorobiov,E"]
[Black "Loginov,Va"]
[Result "0-1"]
[WhiteElo "2542"]
[BlackElo "2526"]

1.e4 c5 2.Nf3 d6 3.d4 cxd4 4.Nxd4 Nf6 5.Nc3 a6 6.Be3 e5 7.Nb3 Be6 8.f3 Be7
9.Qd2 O-O 10.O-O-O Nbd7 11.g4 b5 12.g5 b4 13.Ne2 Ne8 14.Kb1 a5 15.h4 Nb6
16.Bxb6 Qxb6 17.f4 Qb7 18.Rg1 Bd8 19.Nbc1 Bb6 20.Rg3 Rd8 21.f5 Bd7 22.Rg4 Bc6
23.Ng3 d5 24.Qe1 Nd6 25.exd5 Bxd5 26.Qxe5 Bf3 27.Nh5 Ne8 28.Rxd8 Bxd8 29.Qg3 Bc7
30.Qh3 g6 31.fxg6 hxg6 32.Ng3 Bxg4 33.Qxg4 Bxg3 34.Qxg3 Ng7 35.Qe5 Re8 36.Qxa5 Re1
37.Bc4 Qe4 38.Qd8+ Ne8 39.Qd2 Rxc1+ 40.Qxc1 Qxc4 41.Qe1 Nd6 42.b3 Qd4 43.a3 bxa3
44.c3 Qd3+ 45.Ka2 Nb5  0-1

[Event "ch-RUS"]
[Site "Krasnodar RUS"]
[Date "2002.09.02"]
[Round "7"]
[White "Maiorov,O"]
[Black "Makarov,M"]
[Result "1/2-1/2"]
[WhiteElo "2458"]
[BlackElo "2512"]

1.e4 c5 2.Nf3 d6 3.d4 Nf6 4.Nc3 cxd4 5.Nxd4 a6 6.Be3 e5 7.Nb3 Be6 8.f3 Be7
9.Qd2 O-O 10.O-O-O Qc7 11.g4  1/2-1/2

[Event "Southern California Open"]
[Site "Los Angeles USA"]
[Date "2002.09.02"]
[Round "6"]
[White "Khachian,M"]
[Black "Busquets,L"]
[Result "1-0"]
[WhiteElo "2477"]
[BlackElo "2240"]

1.e4 c5 2.Nf3 d6 3.d4 cxd4 4.Nxd4 Nf6 5.Nc3 a6 6.Be3 Nc6 7.Be2 e6 8.O-O Be7
9.f4 O-O 10.Kh1 Qc7 11.Qe1 Bd7 12.Qg3 Rac8 13.Rad1 b5 14.e5 dxe5 15.fxe5 Nxe5
16.Bf4 Bd6 17.Nb3 Ne8 18.Ne4 f6 19.Nxd6 Nxd6 20.Bxe5 fxe5 21.Qd3 Nc4 22.Rxf8+ Kxf8
23.Qxd7 Qxd7 24.Rxd7 Nxb2 25.Bd3 Nxd3 26.Rxd3 Rxc2 27.Rd2 Rc4 28.Kg1 Ke7
29.Kf2 Kf6 30.Ke3 Rc3+ 31.Kf2 e4 32.Re2 Kf5 33.Nd4+ Ke5 34.Nf3+ Kf5 35.Nd2 Rc2
36.Nf1 Rxe2+ 37.Kxe2 Kf4 38.h3 b4 39.g3+ Ke5 40.Ke3 a5 41.Nd2 a4 42.Nxe4 b3
43.axb3 axb3 44.Nc5  1-0

[Event "Kaissa I"]
[Site "Alushta UKR"]
[Date "2002.09.08"]
[Round "10"]
[White "Shtyrenkov,V"]
[Black "Konstantinov,Alexa"]
[Result "1-0"]
[WhiteElo "2457"]
[BlackElo "2410"]

1.e4 c5 2.Nc3 a6 3.Nf3 d6 4.d4 cxd4 5.Nxd4 Nf6 6.Be3 e6 7.f3 b5 8.g4 Bb7
9.Qd2 Nfd7 10.O-O-O Qc7 11.Kb1 Be7 12.g5 Nc6 13.h4 Nxd4 14.Bxd4 e5 15.Be3 Nb6
16.Qf2 Nc4 17.Bxc4 Qxc4 18.h5 O-O-O 19.Nd5 Bxd5 20.Rxd5 Kb7 21.Qd2 Rc8 22.Bf2 Rhd8
23.Rc1 Rc6 24.Rd3 Rdc8 25.b3 Qe6 26.Qe3 Ra8 27.c4 b4 28.Qd2 a5 29.Rd5 Qh3
30.c5 Qxf3 31.cxd6 Qxe4+ 32.Kb2 Rxc1 33.Qxc1 Bd8 34.Rb5+ Ka6 35.Qf1  1-0

[Event "It"]
[Site "Tula RUS"]
[Date "2002.09.08"]
[Round "5"]
[White "Zhidkikh,D"]
[Black "Simantsev,M"]
[Result "0-1"]
[WhiteElo "2099"]
[BlackElo "2401"]

1.e4 c5 2.Nf3 d6 3.d4 cxd4 4.Nxd4 Nf6 5.Nc3 a6 6.Be3 e6 7.f3 b5 8.g4 Bb7
9.Qd2 Nc6 10.O-O-O Ne5 11.g5 Nfd7 12.Rg1 Rc8 13.f4 Nc4 14.Bxc4 Rxc4 15.f5 b4
16.fxe6 bxc3 17.exf7+ Kxf7 18.Qf2+ Ke8 19.Rgf1 Ne5 20.Bf4 Qb6 21.b3 Rc7 22.Bxe5 dxe5
23.Nb5 Qxb5  0-1

[Event "TCh-CRO"]
[Site "Medulin CRO"]
[Date "2002.09.10"]
[Round "2"]
[White "Kutuzovic,B"]
[Black "Zufic,M"]
[Result "1-0"]
[WhiteElo "2398"]
[BlackElo "2349"]

1.e4 c5 2.Nf3 d6 3.d4 cxd4 4.Nxd4 Nf6 5.Nc3 a6 6.Be3 e5 7.Nb3 Be6 8.f3 Nbd7
9.g4 b5 10.g5 b4 11.Ne2 Nh5 12.Qd2 g6 13.O-O-O a5 14.Kb1 Be7 15.Ng3 a4 16.Nc1 O-O
17.Nxh5 gxh5 18.Bb5 Ra5 19.Bxd7 Qxd7 20.h4 Qb5 21.Rh2 Rc8 22.Qe1 Ra6 23.f4 exf4
24.Bxf4 Rac6 25.Qe3 b3 26.cxb3 axb3 27.Nxb3 Qa4 28.Rd3 Qa6 29.a3 Bd8 30.Qd2 Qc4
31.Re2 Rb8 32.Rc3 Qa6 33.Rxc6 Qxc6 34.Nd4 Qc4 35.Nxe6 fxe6 36.Bxd6 Rb3 37.Bb4 Rd3
38.Qc2 Qd4 39.Rd2 Rxd2 40.Qxd2 Qxe4+ 41.Ka2 Bb6 42.Qd7 Qc4+ 43.Kb1 Qf1+ 44.Kc2 Qc4+
45.Bc3 Qe4+ 46.Kb3 Qd5+ 47.Qxd5 exd5 48.Be1 Kf7 49.Kc2 Ke6 50.Kd3 Kd6 51.b4 Kc6
52.a4 Bg1 53.Ke2 Bd4 54.b5+ Kb7 55.a5 Bc5 56.Bf2 Bd6 57.a6+  1-0

[Event "It"]
[Site "Tula RUS"]
[Date "2002.09.12"]
[Round "9"]
[White "Saulin,D"]
[Black "Brikov,I"]
[Result "0-1"]
[WhiteElo "2445"]
[BlackElo "2341"]

1.e4 c5 2.Nf3 d6 3.d4 cxd4 4.Nxd4 Nf6 5.Nc3 a6 6.Be3 e5 7.Nb3 Be6 8.Qd2 Be7
9.f3 O-O 10.O-O-O b5 11.Nd5 Nxd5 12.exd5 Bd7 13.f4 Bg4 14.Re1 Nd7 15.h3 Bf5
16.Na5 Bf6 17.Nc6 Qc7 18.g4 exf4 19.Bxf4 Bg6 20.h4 Rfe8 21.h5 Be4 22.Bg2 Bxg2
23.Qxg2 Be5 24.Qg3 Bxf4+ 25.Qxf4 Ne5 26.h6 Nxc6 27.dxc6 Re5 28.Ref1 Rae8
29.hxg7 R8e6 30.b4 Rg6 31.Rh6 Rxg7 32.Rf6 Qe7 33.Qd4 Re6 34.g5 d5 35.Qc5 Re1+
36.Rxe1 Qxe1+ 37.Kb2 Qe5+ 38.Qc3 Qc7 39.Qe3 Rg6 40.Qe8+ Kg7 41.Qd7 Qe5+ 42.Kb3  0-1

[Event "TCh-CRO"]
[Site "Medulin CRO"]
[Date "2002.09.13"]
[Round "5"]
[White "Sax,G"]
[Black "Hracek,Z"]
[Result "1/2-1/2"]
[WhiteElo "2511"]
[BlackElo "2600"]

1.e4 c5 2.Nf3 d6 3.d4 cxd4 4.Nxd4 Nf6 5.Nc3 a6 6.Be3 e5 7.Nb3 Be6 8.Qd2 Nbd7
9.f3 Be7 10.O-O-O O-O 11.g4 Qc7 12.Kb1 Rfc8 13.g5 Nh5 14.Rg1 Nb6 15.Qf2 Bd8
16.Qd2 Be7 17.Qf2 Bd8 18.Qd2  1/2-1/2

[Event "TCh-CRO"]
[Site "Medulin CRO"]
[Date "2002.09.14"]
[Round "6"]
[White "Hracek,Z"]
[Black "Hulak,K"]
[Result "1-0"]
[WhiteElo "2600"]
[BlackElo "2570"]

1.e4 c5 2.Nf3 d6 3.d4 cxd4 4.Nxd4 Nf6 5.Nc3 a6 6.Be3 e5 7.Nb3 Be6 8.f3 Be7
9.Qd2 h5 10.Be2 Nbd7 11.Nd5 Nxd5 12.exd5 Bf5 13.O-O Qc7 14.c4 a5 15.f4 g6
16.fxe5 dxe5 17.Rad1 Bd6 18.c5 Nxc5 19.Nxc5 Bxc5 20.d6 Qb6 21.Bxc5 Qxc5+
22.Kh1 Rd8 23.Qg5 Rxd6 24.Rc1 Qb4 25.Rxf5 gxf5 26.Rc8+ Kd7 27.Qxf5+ Ke7  1-0

[Event "GER-SUI"]
[Site "Berlin GER"]
[Date "2002.09.15"]
[Round "2"]
[White "Naiditsch,A"]
[Black "Pelletier,Y"]
[Result "1/2-1/2"]
[WhiteElo "2581"]
[BlackElo "2571"]

1.e4 c5 2.Nf3 d6 3.d4 cxd4 4.Nxd4 Nf6 5.Nc3 a6 6.Be3 e5 7.Nb3 Be6 8.Be2 Be7
9.O-O O-O 10.Qd2 Qc7 11.Nd5 Bxd5 12.exd5 a5 13.f3 Nbd7 14.Rac1 a4 15.Na1 Bd8
16.c4 Qa5 17.Rc3 b5 18.cxb5 Nb6 19.Rc6 Nbxd5 20.Rd1 Nxe3 21.Qxe3 Nd5 22.Qd2 Qa7+
23.Kh1 Nf4 24.Ra6 Qb8 25.Bf1 Bc7 26.Nc2 Rxa6 27.bxa6 Qb6 28.Ne3 Bb8 29.Nd5 Nxd5
30.Qxd5 Qxb2 31.Bc4 Qf2 32.Qb7 Ba7 33.Rc1 h5 34.h3 Be3 35.Rb1 g6 36.Qe4 Kg7
37.Rf1 Qd2 38.Qb7 Qd4 39.Bd5 Qd3 40.Rb1 Bc5 41.Rc1  1/2-1/2

[Event "7th WUCC Women"]
[Site "Ulaanbaatar MON"]
[Date "2002.09.15"]
[Round "5"]
[White "Ding Linlin"]
[Black "Ubiennykh,E"]
[Result "1-0"]
[WhiteElo "2294"]
[BlackElo "2225"]

1.e4 c5 2.Nf3 d6 3.d4 cxd4 4.Nxd4 Nf6 5.Nc3 a6 6.Be3 e5 7.Nb3 Be7 8.f3 Be6
9.Qd2 Nc6 10.O-O-O Rc8 11.Kb1 b5 12.g4 Nd7 13.Nd5 Bxd5 14.exd5 Ncb8 15.Qf2 Bh4
16.Qg1 Qc7 17.Bd3 Bd8 18.f4 O-O 19.Qg2 Re8 20.Rhf1 e4 21.Bxe4 Nf6 22.Rd4 Qe7
23.Bf5 Rc4 24.Bc1 Bb6 25.Rdd1 Ne4 26.Nd2 Nxd2+ 27.Bxd2 Bd4 28.Rfe1 Qf8 29.Rxe8 Qxe8
30.Re1 Qf8 31.Bd3 Rc8 32.Qe4  1-0

[Event "TCh-CRO"]
[Site "Medulin CRO"]
[Date "2002.09.16"]
[Round "8"]
[White "Sax,G"]
[Black "Hulak,K"]
[Result "1/2-1/2"]
[WhiteElo "2511"]
[BlackElo "2570"]

1.e4 c5 2.Nf3 d6 3.d4 cxd4 4.Nxd4 Nf6 5.Nc3 a6 6.Be3 e5 7.Nb3 Be6 8.Qd2 Be7
9.f3 O-O 10.O-O-O Qc7 11.g4 Rc8 12.g5 Nh5 13.Nd5 Bxd5 14.exd5 a5 15.Bh3 Nd7
16.Kb1 a4 17.Nc1 a3 18.b3 Nf4 19.Bxf4 exf4 20.Bxd7 Qxd7 21.h4 g6 22.Nd3 Bf8
23.Nf2 Bg7 24.Ne4 Qf5 25.Rde1 Be5 26.Rh2 Rc7 27.Qd3 Kf8 28.Qb5 Re7 29.Qb4 Ra6
30.Qd2  1/2-1/2

[Event "Autumn III"]
[Site "Alushta UKR"]
[Date "2002.09.30"]
[Round "5"]
[White "Pisakov,I"]
[Black "Arbakov,V"]
[Result "1-0"]
[WhiteElo "2260"]
[BlackElo "2445"]

1.e4 c5 2.Nf3 d6 3.d4 cxd4 4.Nxd4 Nf6 5.Nc3 a6 6.Be3 Ng4 7.Bc1 g6 8.Be2 Nf6
9.Be3 Bg7 10.g4 h5 11.gxh5 Nxh5 12.Qd2 Nc6 13.O-O-O Nf4 14.Bc4 Ng2 15.Nxc6 bxc6
16.Bg5 f6 17.f4 Bh3 18.Rhg1 fxg5 19.Rxg2 gxf4 20.Rxg6 Be5 21.Ne2 Qb6 22.c3 Qc5
23.Bb3 f3 24.Nf4 Qa7 25.Nxh3 Rxh3 26.Be6 Rh8 27.Qg5 Kd8 28.Qxe5 Qe3+ 29.Kb1 Kc7
30.Rxd6 exd6 31.Qa5+ Kb7 32.Qb4+  1-0

[Event "Najdorf Mem Great Final"]
[Site "Buenos Aires ARG"]
[Date "2002.10.01"]
[Round "1.1"]
[White "Valerga,D"]
[Black "Szmetan,J"]
[Result "1-0"]
[WhiteElo "2487"]
[BlackElo "2408"]

1.e4 c5 2.Nf3 d6 3.d4 cxd4 4.Nxd4 Nf6 5.Nc3 a6 6.Be3 b5 7.f3 e6 8.Qd2 Nbd7
9.g4 Nb6 10.O-O-O Bb7 11.Qf2 Nfd7 12.Bd3 Rc8 13.Nce2 Nc4 14.Bxc4 Rxc4 15.Kb1 Be7
16.h4 O-O 17.g5 d5 18.b3 Rc8 19.f4 dxe4 20.g6 Qc7 21.c3 Nc5 22.h5 fxg6 23.hxg6 h6
24.Rh5 Rf6 25.Qg2 Bf8 26.Rg1 Nd3 27.f5 exf5 28.Nxf5 Qd7 29.Bxh6 Rxf5 30.Bg5 Ne5
31.Rh8+  1-0

[Event "7th ECCW"]
[Site "Antalya TUR"]
[Date "2002.10.05"]
[Round "6"]
[White "Gaponenko,I"]
[Black "Shadrina,T"]
[Result "0-1"]
[WhiteElo "2415"]
[BlackElo "2358"]

1.e4 c5 2.Nf3 d6 3.d4 cxd4 4.Nxd4 Nf6 5.Nc3 a6 6.Be3 e6 7.Qd2 b5 8.f3 Nbd7
9.g4 Nb6 10.Qf2 Nfd7 11.f4 Bb7 12.f5 exf5 13.Nxf5 b4 14.Nd5 Nxd5 15.exd5 g6
16.Bd4 Ne5 17.Ne3 Bg7 18.O-O-O O-O 19.h4 a5 20.Kb1 a4 21.h5 Qg5 22.Be2 b3
23.cxb3 axb3 24.a3 Rfe8 25.Rh3 Ra4 26.Bb5 Nxg4 27.Qh4 Qxh4 28.Rxh4 Rxd4 29.Bxe8 Rxd1+
30.Nxd1 Ne5 31.Nc3 Nd3 32.hxg6 hxg6 33.Rh3 Nc5 34.Rf3 Be5 35.Bxf7+ Kg7 36.Be8 Bc8
37.Na4 Bf5+ 38.Kc1 Bc2 39.Nxc5 dxc5 40.Ba4 c4 41.Bb5 Be4 42.Rf1 Bxd5 43.a4 g5
44.Rf5 Bf4+ 45.Kd1 c3 46.bxc3 Be4 47.Bd7 b2 48.Rb5 b1=Q+ 49.Rxb1 Bxb1 50.a5 Bd3
51.Bc8 Be3 52.Bg4 Kf6 53.Be2 Bxe2+ 54.Kxe2 Ba7 55.Kf3 Kf5 56.a6 g4+ 57.Kg2 Kf4
58.c4 Bc5  0-1

[Event "4th ZNG111 IM"]
[Site "Opatija CRO"]
[Date "2002.10.05"]
[Round "2"]
[White "Topalovic,Z"]
[Black "Zufic,M"]
[Result "0-1"]
[WhiteElo "2272"]
[BlackElo "2321"]

1.e4 c5 2.Nf3 d6 3.d4 cxd4 4.Nxd4 Nf6 5.Nc3 a6 6.Be3 e5 7.Nb3 Be6 8.Qd2 Nbd7
9.f3 b5 10.a4 b4 11.Nd5 Bxd5 12.exd5 Nb6 13.Bxb6 Qxb6 14.a5 Qb7 15.Bc4 Be7
16.Ra4 Rb8 17.Nc1 Bd8 18.b3 O-O 19.Kd1 Nd7 20.Na2 h6 21.h4 e4 22.Rxb4 Qc7
23.Rxb8 Nxb8 24.fxe4 Qc5 25.Bd3 Qa3 26.Nc1 Bxa5 27.Qf2 Nd7 28.g4 Ne5 29.g5 h5
30.Qd4 Rc8 31.Ke2 Bc3 32.Qa4 Qc5 33.b4 Bxb4 34.Nb3 Qb6 35.Kd1 Nxd3 36.cxd3 Qe3
37.Qxb4 Qf3+ 38.Kd2 Qf2+ 39.Kd1 Qc2+ 40.Ke1 Qb1+ 41.Ke2 Rc2+ 42.Ke3 Qxh1  0-1

[Event "EuYCh B16"]
[Site "Peniscola ESP"]
[Date "2002.10.06"]
[Round "7"]
[White "Murariu,A"]
[Black "Esen,B"]
[Result "1-0"]
[WhiteElo "2401"]
[BlackElo "2189"]

1.e4 c5 2.Nf3 d6 3.d4 cxd4 4.Nxd4 Nf6 5.Nc3 a6 6.Be3 Ng4 7.Bg5 h6 8.Bh4 g5
9.Bg3 Bg7 10.Be2 h5 11.Nf5 Bxf5 12.exf5 Qa5 13.Qd2 Nc6 14.Nd5 Rc8 15.c3 Nf6
16.Qxg5 Qxd5 17.Qxg7 Rg8 18.Qh6 Qxf5 19.Qf4 Qe6 20.Qe3 Qxe3 21.fxe3 Ng4 22.Kd2 Nce5
23.b3 Nf6 24.Bf3 Nxf3+ 25.gxf3 h4 26.Bxh4 Rg2+ 27.Kd3 Nd7 28.c4 Ne5+ 29.Ke4 Nxc4
30.Be1 f5+ 31.Kxf5 Nxe3+ 32.Ke4 Rcc2 33.f4 Rce2  1-0

[Event "EuYCh B18"]
[Site "Peniscola ESP"]
[Date "2002.10.08"]
[Round "9"]
[White "Mladenov,Sv"]
[Black "L'Ami,E"]
[Result "1/2-1/2"]
[WhiteElo "2305"]
[BlackElo "2438"]

1.e4 c5 2.Nf3 d6 3.d4 cxd4 4.Nxd4 Nf6 5.Nc3 a6 6.Be3 e5 7.Nb3 Be6 8.f3 Nbd7
9.g4 b5 10.g5 b4 11.Nd5 Nxd5 12.exd5 Bf5 13.Bd3 Bxd3 14.Qxd3 Be7 15.h4 O-O
16.O-O-O f5 17.f4 a5 18.fxe5 Nxe5 19.Qe2 a4 20.Nd4 Qa5 21.Bf4 Qxd5 22.Nxf5 Qxa2
23.Nxe7+ Kh8 24.Bxe5 dxe5 25.h5 Rfd8 26.Ng6+ Kg8 27.Ne7+ Kh8 28.Ng6+  1/2-1/2

[Event "FIDE Women's World Cup Gp D"]
[Site "Hyderabad IND"]
[Date "2002.10.13"]
[Round "4"]
[White "Wang Pin"]
[Black "Dworakowska,J"]
[Result "1-0"]
[WhiteElo "2473"]
[BlackElo "2389"]

1.e4 c5 2.Nf3 d6 3.d4 cxd4 4.Nxd4 Nf6 5.Nc3 a6 6.Be3 e5 7.Nb3 Be6 8.f3 Be7
9.Qd2 Nbd7 10.g4 O-O 11.O-O-O Qc7 12.Kb1 Rfc8 13.Qf2 b5 14.g5 Nh5 15.h4 b4
16.Nd5 Bxd5 17.Rxd5 Rcb8 18.f4 Nb6 19.Rd1 exf4 20.Bxf4 Nxf4 21.Qxf4 a5 22.Nd4 Nc4
23.Bxc4 Qxc4 24.Nf5 Re8 25.Rd4 Qe6 26.Rf1 Ra6 27.Ne3 Rc8 28.Nd5 Bd8 29.b3 Rcc6
30.Rd2 Bb6 31.h5 Ra8 32.h6 g6 33.Nxb6 Rxb6 34.Qf6 Qxf6 35.Rxf6 Re8 36.Rfxd6 Rxd6
37.Rxd6 Kf8 38.Rd5 Rxe4 39.Rxa5 Ke7 40.a3 bxa3 41.Ka2 Re2 42.Rc5 f5 43.Rc7+ Ke6
44.Rxh7 Rxc2+ 45.Kxa3 f4 46.Rh8 Rc7 47.h7 Re7 48.Rf8 Rxh7 49.Rxf4 Kd5 50.Rf6 Ra7+
51.Kb4 Rb7+ 52.Ka4 Kc5 53.Ka3 Ra7+ 54.Kb2 Rg7 55.Kc3 Rh7 56.b4+ Kb5 57.Kd4 Rg7
58.Ke5 Kxb4 59.Re6 Kc5 60.Kf6 Rg8 61.Kf7 Rb8 62.Kxg6 Kd5 63.Re1 Rb7 64.Kh6 Rb2
65.g6 Rh2+ 66.Kg7 Rg2 67.Kf7 Rf2+ 68.Kg8 Rg2 69.g7 Kd6 70.Rh1  1-0

[Event "Before Thunder Storm"]
[Site "Tel Aviv ISR"]
[Date "2002.10.24"]
[Round "5"]
[White "Kantarji,P"]
[Black "Shutzman,J"]
[Result "1/2-1/2"]
[WhiteElo "2304"]
[BlackElo "2187"]

1.e4 c5 2.Nf3 d6 3.d4 cxd4 4.Nxd4 Nf6 5.Nc3 a6 6.Be3 e6 7.f3 b5 8.Qd2 Bb7
9.g4 Nfd7 10.a3 Nb6 11.h4 N8d7 12.O-O-O Ne5 13.g5 Nec4 14.Bxc4 Nxc4 15.Qe2 Be7
16.f4 Nxe3 17.Qxe3 Qb6 18.Qf3 g6 19.h5 O-O-O 20.hxg6 hxg6 21.Kb1 Kb8 22.Rh3 Rc8
23.Nb3 Rxh3 24.Qxh3 a5 25.Qd3 b4 26.axb4 axb4 27.Na2 d5 28.exd5 Bxd5 29.Nac1 Qc6
30.Na5 Qb6 31.Nab3 Qc6 32.Na5 Qb6 33.Nab3  1/2-1/2

[Event "10th Chigorin Mem"]
[Site "St Petersburg RUS"]
[Date "2002.10.26"]
[Round "2"]
[White "Yagupov,I"]
[Black "Miroshnichenko,E"]
[Result "1-0"]
[WhiteElo "2468"]
[BlackElo "2548"]

1.e4 c5 2.Nf3 d6 3.d4 Nf6 4.Nc3 cxd4 5.Nxd4 a6 6.Be3 e6 7.f3 b5 8.g4 h6 9.Qd2 Bb7
10.O-O-O Nbd7 11.h4 b4 12.Na4 Qa5 13.b3 Rc8 14.Rg1 Nc5 15.g5 Nxa4 16.bxa4 hxg5
17.hxg5 Nd7 18.g6 Qxa4 19.gxf7+ Kxf7 20.Kb1 Be7 21.Qg2 Bf6 22.Qg6+ Kf8 23.Rg2 Ne5
24.Qg3 Ke7 25.f4 Nf7 26.Qg4 Nd8 27.e5 dxe5 28.fxe5 Bxe5 29.Bg5+ Bf6 30.Bxf6+ gxf6
31.Qg7+ Nf7 32.Re2 e5 33.Nf5+ Ke6 34.Nd4+ Ke7 35.Rf2 Bd5 36.Nf5+ Ke6 37.Rxd5 Rcg8
38.Bc4  1-0

[Event "Blue Autumn"]
[Site "Bucharest ROM"]
[Date "2002.10.27"]
[Round "5"]
[White "Djukic,Ni"]
[Black "Burnoiu,N1"]
[Result "1-0"]
[WhiteElo "2413"]
[BlackElo "2431"]

1.e4 c5 2.Nf3 d6 3.d4 cxd4 4.Nxd4 Nf6 5.Nc3 a6 6.Be3 e5 7.Nb3 Be6 8.f3 Be7
9.Qd2 Nbd7 10.g4 h6 11.O-O-O b5 12.h4 Nb6 13.Qf2 Rb8 14.Nc5 Bc8 15.Be2 Qc7
16.g5 b4 17.gxf6 bxc3 18.fxe7 cxb2+ 19.Kb1 Kxe7 20.Nxa6 Bxa6 21.Bxa6 Na4
22.Bd2 Rb6 23.Qe2 Ra8 24.Bb5 Qc5 25.Bc4 Rc8 26.Bd3 Ra8 27.Be1 Rb4 28.c3 Nxc3+
29.Bxc3 Qxc3 30.Qc2 Qa3 31.Qc7+ Kf8 32.Bc4 Qxf3 33.Qxd6+ Kg8 34.Qxb4 Qxe4+
35.Kxb2  1-0

[Event "10th Chigorin Mem"]
[Site "St Petersburg RUS"]
[Date "2002.10.27"]
[Round "3"]
[White "Asanov,Ti"]
[Black "Loginov,Va"]
[Result "0-1"]
[WhiteElo "2427"]
[BlackElo "2532"]

1.e4 c5 2.Nf3 d6 3.d4 cxd4 4.Nxd4 Nf6 5.Nc3 a6 6.Be3 e5 7.Nb3 Be6 8.Be2 Nc6
9.O-O Be7 10.Bf3 Rc8 11.Nd5 Bxd5 12.exd5 Na5 13.Qd3 Nc4 14.Bc1 O-O 15.Nd2 Nxd2
16.Bxd2 Nd7 17.Bg4 g6 18.Bh6 Re8 19.Qh3 Rc7 20.f4 Nf6 21.f5 Nxg4 22.Qxg4 Qc8
23.c3 Rc4 24.Qg3 Qc5+ 25.Kh1 Qxd5 26.Rad1 Qc6 27.Bg5 d5 28.fxg6 hxg6 29.Qxe5 Re4
30.Qg3 Bxg5 31.Qxg5 R8e5 32.Qg3 Qe6 33.h3 Re2 34.Rf2 Rxf2 35.Qxf2 Re2 36.Qg3 b5
37.b3 Rxa2 38.c4 bxc4 39.bxc4 dxc4 40.Rd8+ Kg7 41.Qc3+ f6 42.Rb8 Qc6 43.Qg3 c3
44.Rg8+ Kxg8 45.Qxg6+ Kf8 46.Qh6+ Ke7 47.Qg7+ Ke6 48.Qg8+ Ke5 49.Qxa2 c2
50.Qa5+ Ke6 51.Qa2+ Kf5  0-1

[Event "Olympiad w"]
[Site "Bled SLO"]
[Date "2002.10.28"]
[Round "3"]
[White "Aleksieva,S"]
[Black "Petrenko,S"]
[Result "0-1"]
[WhiteElo "2342"]
[BlackElo "2349"]

1.e4 c5 2.Nf3 d6 3.d4 cxd4 4.Nxd4 Nf6 5.Nc3 a6 6.Be3 Ng4 7.Bc1 Nc6 8.h3 Qb6
9.hxg4 Qxd4 10.Bd3 e6 11.Be3 Qb4 12.Qd2 Ne5 13.f3 Bd7 14.O-O-O Rc8 15.Qe1 Qa5
16.Kb1 b5 17.g5 Qc7 18.Rc1 b4 19.Ne2 a5 20.Nd4 Nc4 21.Bxc4 Qxc4 22.Qd2 e5
23.Ne2 Be6 24.b3 Qa6 25.Qd3 Qb7 26.c4 a4 27.Kc2 Qa6 28.Kd2 Be7 29.Ke1 O-O
30.Kf2 f6 31.gxf6 Bxf6 32.Rhd1 Be7 33.Kg1 Rc6 34.Ng3 g6 35.Nf1 axb3 36.axb3 Ra8
37.Qd2 Qb7 38.Ra1 Rca6 39.Rxa6 Rxa6 40.Rb1 Bd8 41.c5 Be7 42.cxd6 Rxd6 43.Qb2 Qb5
44.Qa2 Ra6 45.Qc2 Rc6 46.Qa2 Bc5 47.Kh2 Bd4 48.Bh6 Qb7 49.Qa5 Qe7 50.Be3 Bxe3
51.Nxe3 Qc5 52.Qd8+ Qf8 53.Qxf8+ Kxf8 54.Nd5 Bxd5 55.exd5 Rc5 56.Rd1 Ke7
57.d6+ Kd7 58.Kg3 Rc3 59.Kg4 Rxb3 60.Kg5 Rb2 61.Kf6 Rxg2 62.Rb1 Kxd6 63.Rxb4 Rf2
64.Rb6+ Kd5 65.Rb5+ Kd4 66.Rb4+ Kd3 67.Kxe5 Rxf3 68.Rb3+ Ke2 69.Rb7 h5 70.Ke4 Rg3
71.Rb2+ Kf1 72.Kf4 h4 73.Rh2 g5+ 74.Ke4 Kg1 75.Ra2 h3 76.Ra1+ Kh2 77.Rb1 Rg1
78.Rb2+ Rg2 79.Rb1 Rf2 80.Ke3 Kg2 81.Rb4 Rf3+ 82.Kd4 g4  0-1

[Event "10th Chigorin Mem"]
[Site "St Petersburg RUS"]
[Date "2002.10.29"]
[Round "5"]
[White "Yagupov,I"]
[Black "Loginov,Va"]
[Result "0-1"]
[WhiteElo "2468"]
[BlackElo "2532"]

1.e4 c5 2.Nf3 d6 3.d4 cxd4 4.Nxd4 Nf6 5.Nc3 a6 6.Be3 e5 7.Nb3 Be6 8.f3 Be7
9.Qd2 O-O 10.O-O-O Nbd7 11.g4 b5 12.Kb1 b4 13.Nd5 Bxd5 14.exd5 Nb6 15.Bxb6 Qxb6
16.h4 a5 17.Qd3 a4 18.Nd2 e4 19.Nxe4 Nxe4 20.Qxe4 Bf6 21.Bd3 g6 22.Rde1 Rfc8
23.h5 b3 24.cxb3 axb3 25.a4 Qa5 26.hxg6 hxg6 27.Re2 Qxa4 28.Qxa4 Rxa4 29.Rhe1 Kg7
30.g5 Bxg5 31.Re4 Ra5 32.Bc4 f5 33.Re7+ Bxe7 34.Rxe7+ Kf8  0-1

[Event "2nd Rohde Open"]
[Site "Sautron FRA"]
[Date "2002.10.30"]
[Round "5"]
[White "Fantin,L"]
[Black "Fedorchuk,S"]
[Result "0-1"]
[WhiteElo "2255"]
[BlackElo "2564"]

1.e4 c5 2.Nf3 d6 3.d4 cxd4 4.Nxd4 Nf6 5.Nc3 a6 6.Be3 e6 7.f3 b5 8.Qd2 Nbd7
9.g4 Nb6 10.O-O-O Nfd7 11.Ndxb5 axb5 12.Nxb5 Rxa2 13.Kb1 Rxb2+ 14.Kxb2 d5
15.Bf4 Bc5 16.Nd6+ Kf8 17.Nxc8 Qxc8 18.Ra1 e5 19.Be3 d4 20.Bf2 Qc6 21.Kc1 h5
22.g5 Be7 23.h4 Nc5 24.Kd1 Nca4 25.Bd3 Nc3+ 26.Ke1 g6 27.Kf1 Nba4 28.Kg2 Kg7  0-1

[Event "10th Chigorin Mem B"]
[Site "St Petersburg RUS"]
[Date "2002.10.31"]
[Round "6"]
[White "Parfenov,Vl"]
[Black "Loukachouk,A"]
[Result "0-1"]
[WhiteElo "2243"]
[BlackElo "2326"]

1.e4 c5 2.Nf3 d6 3.d4 cxd4 4.Nxd4 Nf6 5.Nc3 a6 6.Be3 e5 7.Nb3 Be6 8.Qd2 b5
9.f3 Nbd7 10.a4 b4 11.Nd5 Bxd5 12.exd5 Nb6 13.Bxb6 Qxb6 14.a5 Qb7 15.O-O-O Be7
16.g4 O-O 17.Bd3 Rfc8 18.h4 Qxd5 19.Kb1 Qxf3 20.g5 Ne4 21.Qh2 Nc5 22.Rhf1 Qg4
23.Bf5 Qc4 24.Bxc8 Rxc8 25.Qh3 Rc7 26.Nxc5 Rxc5 27.Qd3 Qxd3 28.cxd3 f6 29.gxf6 Bxf6
30.h5 h6 31.Rc1 Rxa5 32.Rc7 Rd5 33.Kc2 e4 34.dxe4 Rxh5 35.Kb3 a5 36.Rf5 Rh2
37.Rc8+ Kh7 38.Rxa5 Rxb2+ 39.Ka4 b3 40.Rb5 Rc2 41.Rcb8 b2 42.Rb3 Rc1 43.R8b4 Bc3  0-1

[Event "10th Chigorin Mem"]
[Site "St Petersburg RUS"]
[Date "2002.10.31"]
[Round "6"]
[White "Kovchan,A"]
[Black "Voitsekhovsky,S"]
[Result "1-0"]
[WhiteElo "2546"]
[BlackElo "2513"]

1.e4 c5 2.Nf3 d6 3.d4 cxd4 4.Nxd4 Nf6 5.Nc3 a6 6.Be3 e5 7.Nb3 Be7 8.f3 Be6
9.Qd2 O-O 10.O-O-O Nbd7 11.g4 Qc7 12.Kb1 Rfc8 13.Qf2 b5 14.g5 Nh5 15.h4 Ng3
16.Qxg3 b4 17.Rd3 a5 18.Nd5 Qxc2+ 19.Ka1 a4 20.Rh2 axb3 21.Rxc2 bxc2 22.Qe1 Bxd5
23.exd5 Nc5 24.Bxc5 Rxc5 25.Qc1 h6 26.b3 hxg5 27.Rd2 Rac8 28.Bc4 gxh4 29.Rxc2 Bf6
30.Kb1 Kf8 31.Qe1 Rb8 32.Rh2 Rc7 33.Qe4 Kg8 34.Rc2 g6 35.Bf1 Rxc2 36.Qxc2 Kg7
37.Bh3 e4 38.Qxe4 Rb6 39.Qf4 Rb7 40.Qxd6 Re7 41.Qxb4 Re2 42.d6 Rh2 43.Qg4 Rb2+
44.Kc1 Rxa2 45.d7  1-0

[Event "Olympiad w"]
[Site "Bled SLO"]
[Date "2002.11.02"]
[Round "8"]
[White "Anhchimeg,B"]
[Black "Gretarsdottir,L"]
[Result "1-0"]
[WhiteElo "2216"]
[BlackElo "2025"]

1.e4 c5 2.Nf3 d6 3.d4 cxd4 4.Nxd4 Nf6 5.Nc3 a6 6.Be3 e6 7.f3 b5 8.Qd2 Nbd7
9.g4 Nb6 10.Qf2 Nfd7 11.O-O-O Bb7 12.Kb1 Rc8 13.h4 Rxc3 14.bxc3 Qc7 15.Qe1 Na4
16.Bd2 Ne5 17.Bd3 Be7 18.g5 O-O 19.Rh3 Nxd3 20.cxd3 Rc8 21.Rc1 d5 22.Rc2 e5
23.Ne2 b4 24.Qc1 bxc3 25.Bxc3 Qb6+ 26.Bb2 Rb8 27.Ka1 d4 28.Ba3 Bxa3 29.Qxa3 Qb1+
30.Kxb1 Bxe4+ 31.Kc1 Nc3 32.Nxc3  1-0

[Event "FSGM Nov"]
[Site "Budapest HUN"]
[Date "2002.11.02"]
[Round "1"]
[White "Balogh,C"]
[Black "Szeberenyi,A"]
[Result "1/2-1/2"]
[WhiteElo "2432"]
[BlackElo "2367"]

1.e4 c5 2.Nf3 d6 3.d4 cxd4 4.Nxd4 Nf6 5.Nc3 a6 6.Be3 e5 7.Nb3 Be6 8.f4 exf4
9.Bxf4 Nc6 10.Qd2 d5 11.O-O-O Bb4 12.Qd3 dxe4 13.Nxe4 Qxd3 14.Nxf6+ gxf6
15.Bxd3 Rd8 16.Be4 O-O 17.Rxd8 Rxd8 18.Rd1 Re8 19.Bf3 Kg7 20.Bd6 Bxd6 21.Rxd6 Rd8
22.Rxd8 Nxd8 23.Nc5 Bc8 24.Ne4 b6 25.Nd6 Bd7 26.Nc4 b5 27.Na5 f5 28.Kd2 Kf6
29.Ke3 Ke5 30.c4 Ne6 31.Bc6 f4+ 32.Kd3 Nc5+ 33.Kc3 Ne4+ 34.Kb4 Be6 35.cxb5 axb5
36.Bxb5 Bxa2 37.b3 Kd4 38.Ka3 Bb1 39.Kb2 Nd2 40.Bc6  1/2-1/2

[Event "Olympiad"]
[Site "Bled SLO"]
[Date "2002.11.05"]
[Round "10"]
[White "Li Ying,P"]
[Black "Chumfwa,S"]
[Result "0-1"]
[WhiteElo "2071"]
[BlackElo "2252"]

1.e4 c5 2.Nf3 d6 3.d4 cxd4 4.Nxd4 Nf6 5.Nc3 a6 6.Be3 e5 7.Nb3 Be6 8.Be2 Nbd7
9.O-O Be7 10.a4 O-O 11.f3 Nb6 12.Na5 Qc7 13.f4 exf4 14.Rxf4 d5 15.Qd4 Nbd7
16.Nb3 dxe4 17.Rc1 Bxb3 18.cxb3 Bc5 19.Nd1 Bxd4 20.Rxc7 Be5 21.Rxb7 Bxf4
22.Bxf4 Nc5 23.Rc7 Ne6  0-1

[Event "Olympiad"]
[Site "Bled SLO"]
[Date "2002.11.07"]
[Round "12"]
[White "Berg,E"]
[Black "Odeev,H"]
[Result "0-1"]
[WhiteElo "2535"]
[BlackElo "2461"]

1.e4 c5 2.Nf3 d6 3.d4 cxd4 4.Nxd4 Nf6 5.Nc3 a6 6.Be3 e5 7.Nb3 Be6 8.f3 Nbd7
9.Qd2 b5 10.a4 b4 11.Nd5 Bxd5 12.exd5 Nb6 13.Bxb6 Qxb6 14.a5 Qb7 15.Bc4 g6
16.Ra4 Rb8 17.Nc1 h5 18.Nd3 Bh6 19.Qxb4 Qc7 20.Qa3 O-O 21.Nf2 Bc1 22.Bb3 Be3
23.O-O e4 24.Kh1 exf3 25.gxf3 Rfe8 26.Rc4 Qd8 27.Ba4 Re5 28.Ne4 Nxe4 29.fxe4 Ba7
30.b4 Qe7 31.Qc3 Rg5 32.Qf3 Rf8 33.c3 f5 34.Bc2 Rf6 35.Rc8+ Kh7 36.h3 f4
37.Kh2 Rg3 38.Qe2 Qd7 39.Rc7 Rxh3+ 40.Kg2 Rg3+ 41.Kh2 Qxc7 42.Rxf4 Rxf4 43.Kxg3 Rg4+
44.Kh2 Qxc3 45.Bd3 Qe5+  0-1